[Event "Maria Albulet Memorial 2017"]
[Site "Braila"]
[Date "2017.10.11"]
[Round "6"]
[White "Rakhmangulova, Anastasiya"]
[Black "Miladinovic, Lena"]
[Result "1/2-1/2"]
[WhiteElo "2242"]
[BlackElo "2138"]
[Annotator "NA"]
[PlyCount "80"]
[EventDate "2017.??.??"]
[EventCountry "ROU"]
[SourceTitle "playchess.com"]
[Source "ChessBase"]
[SourceQuality "1"]
[TimeControl "40/5400+30:900+30"]

1. e4 {[%emt 0:00:00]} c5 {[%emt 0:00:05]} 2. Nf3 {[%emt 0:00:00]} e6 {[%emt 0:00:05]} 3. d4 {[%emt 0:00:00]} cxd4 {[%emt 0:00:05]} 4. Nxd4 {[%emt 0:00:00]} Nc6 {[%emt 0:00:04]} 5. Nc3 {[%emt 0:00:00]} Qc7 {[%emt 0:00:05]} 6. Ndb5 {[%emt 0:00:07]} Qb8 {[%emt 0:00:29]} 7. Be3 {[%emt 0:00:08]} a6 {[%emt 0:02:05]} 8. Bb6 {[%emt 0:00:07]} axb5 {[%emt 0:00:56]} 9. Nxb5 {[%emt 0:00:02]} Bb4+ {[%emt 0:00:24]} 10. c3 {[%emt 0:00:06]} Ba5 {[%emt 0:00:15] B47: Sicilian: Taimanov: 5 Nc3 Qc7 6 f4, 6 g3 and 6 Be2} 11. Nc7+ {[%emt 0:00:02] [#]} Qxc7 $1 {[%emt 0:00:42]} 12. Bxc7 {[%emt 0:00:06]} Bxc7 {[%emt 0:00:04]} 13. Qg4 {[%emt 0:00:07]} Be5 {[%emt 0:02:38]} 14. f4 {[%emt 0:09:48]} Nf6 {[%emt 0:02:11]} 15. Qf3 {[%emt 0:03:40]} Bc7 {[%emt 0:01:29]} 16. e5 {[%emt 0:11:56]} Nd5 {[%emt 0:01:12]} 17. Bc4 {[%emt 0:02:02]} d6 {[%emt 0:02:18]} (17... Nce7 $11) 18. exd6 $146 {[%emt 0:14:03]} ({Predecessor:} 18. Bxd5 exd5 19. exd6 Bxd6 {0-1 (28) Martinez de Negri,A (2142)-Krysa,L (2469) Buenos Aires 2015}) 18... Bxd6 {[%emt 0:00:21]} 19. g3 {[%emt 0:02:09]} O-O {[%emt 0:08:59]} 20. O-O-O $11 {[%emt 0:02:08]} Bc7 {[%emt 0:04:53]} 21. Rhe1 {[%emt 0:04:04]} Nce7 {[%emt 0:10:03]} 22. a3 {[%emt 0:18:14]} Ra5 {[%emt 0:10:28]} 23. Bd3 {[%emt 0:01:32]} b5 {[%emt 0:05:59]} 24. Qe4 {[%emt 0:06:04]} Nf6 {[%emt 0:10:12]} 25. Qe2 {[%emt 0:03:04]} Bd7 {[%emt 0:04:25]} 26. Bxh7+ {[%emt 0:08:47]} Kxh7 {[%emt 0:09:32]} 27. Rxd7 {[%emt 0:00:06]} Nxd7 {[%emt 0:04:13]} 28. Qd3+ {[%emt 0:00:01]} Kg8 {[%emt 0:07:05]} 29. Qxd7 {[%emt 0:00:02]} Bd8 {[%emt 0:01:24]} 30. Kb1 {[%emt 0:05:14]} Nd5 {[%emt 0:02:38]} 31. f5 {[%emt 0:01:32]} Nf6 {[%emt 0:00:31]} 32. Qb7 {[%emt 0:02:14]} exf5 {[%emt 0:01:09]} 33. Ka2 {[%emt 0:02:37]} Ne4 {[%emt 0:00:28]} 34. g4 {[%emt 0:00:13]} Bf6 {[%emt 0:05:30]} 35. gxf5 {[%emt 0:01:09]} Nxc3+ {[%emt 0:00:52]} 36. bxc3 {[%emt 0:01:55]} Rfa8 {[%emt 0:00:09]} 37. Kb2 {[%emt 0:01:16]} Rxa3 {[%emt 0:04:25]} 38. Re8+ {[%emt 0:01:20]} Rxe8 {[%emt 0:00:05]} 39. Kxa3 {[%emt 0:00:04]} Re3 {[%emt 0:00:57]} 40. Qxb5 {[%emt 0:00:00]} Rxc3+ {[%emt 0:00:04]} 1/2-1/2

[Event "Maria Albulet Memorial 2017"]
[Site "Braila"]
[Date "2017.10.11"]
[Round "6"]
[White "Aciu, Malina-Andreea"]
[Black "Petrenko, Svetlana"]
[Result "0-1"]
[WhiteElo "2006"]
[BlackElo "2140"]
[Annotator "NA"]
[PlyCount "120"]
[EventDate "2017.??.??"]
[EventCountry "ROU"]
[SourceTitle "playchess.com"]
[Source "ChessBase"]
[SourceQuality "1"]
[TimeControl "40/5400+30:900+30"]

1. e4 {[%emt 0:00:00]} d6 {[%emt 0:00:09]} 2. d4 {[%emt 0:00:00]} Nf6 {[%emt 0:00:06]} 3. Nc3 {[%emt 0:00:00]} g6 {[%emt 0:00:32]} 4. Be3 {[%emt 0:00:00]} Bg7 {[%emt 0:01:14]} 5. Qd2 {[%emt 0:00:05]} Ng4 {[%emt 0:01:14]} 6. Bg5 {[%emt 0:01:12] LiveBook: 100 Partien} h6 {[%emt 0:01:30]} 7. Bh4 {[%emt 0:00:27]} g5 {[%emt 0:09:05]} 8. Bg3 {[%emt 0:00:26]} e5 {[%emt 0:00:08]} 9. dxe5 {[%emt 0:08:26] B07: Pirc-Ufimzew-Verteidigung} (9. Nf3 exd4 10. Nxd4 Nc6 11. Bb5 Bd7 12. Nf5 Bxf5 13. exf5 O-O 14. h4 Nd4 15. Bd3 Re8+ 16. Kf1 Qd7 17. hxg5 Nxf5 18. Bxf5 Qxf5 19. gxh6 {1-0 (29) Plenca,J (2412)-Vujakovic,B (2360) Sibenik 2016}) 9... Nxe5 {[%emt 0:00:16]} 10. O-O-O {[%emt 0:02:27]} Be6 {[%emt 0:01:42]} 11. h4 {[%emt 0:04:54]} g4 {[%emt 0:01:41]} 12. Bxe5 $146 {[%emt 0:12:11]} ({White should try Vorgänger:} 12. f4 $16 gxf3 13. Nxf3 (13. gxf3 Nbc6 14. Bb5 a6 15. Bxe5 Bxe5 16. Bxc6+ bxc6 {1-0 (76) Mester,A (2122)-Palla,G (2082) Hungary 2012})) 12... Bxe5 {[%emt 0:00:11]} 13. f4 {[%emt 0:00:10]} gxf3 {[%emt 0:04:25]} 14. Nxf3 {[%emt 0:00:17]} Nd7 {[%emt 0:06:26]} 15. Nxe5 {[%emt 0:04:09]} dxe5 {[%emt 0:02:45]} 16. Be2 {[%emt 0:13:32]} c6 {[%emt 0:13:47]} 17. Qd6 {[%emt 0:00:50]} Qb8 {[%emt 0:03:50]} 18. Qd2 {[%emt 0:20:06]} Qc7 {[%emt 0:01:41]} 19. Qe3 {[%emt 0:00:04]} Qb6 {[%emt 0:00:36]} 20. Qxb6 {[%emt 0:07:07]} Nxb6 {[%emt 0:04:40]} 21. g4 {[%emt 0:01:51]} Ke7 {[%emt 0:03:12]} 22. b3 {[%emt 0:04:51]} Rag8 {[%emt 0:08:43]} 23. Rdg1 {[%emt 0:00:52]} Nd7 {[%emt 0:01:39]} 24. Nd1 {[%emt 0:01:19]} Nf6 {[%emt 0:01:37]} 25. Nf2 {[%emt 0:00:10]} Ne8 {[%emt 0:09:02]} 26. Nd1 {[%emt 0:02:28]} Nd6 {[%emt 0:00:46]} 27. Bf3 {[%emt 0:01:13]} f6 {[%emt 0:06:05]} 28. Ne3 {[%emt 0:00:52]} b5 {[%emt 0:00:28]} 29. c3 {[%emt 0:02:31]} a5 {[%emt 0:01:40]} 30. Kb2 {[%emt 0:00:11]} a4 {[%emt 0:03:04]} 31. Rd1 {[%emt 0:02:36]} Ra8 {[%emt 0:04:18]} 32. Rhg1 {[%emt 0:03:08]} Ra6 {[%emt 0:02:16]} 33. Nc2 {[%emt 0:03:58]} c5 {[%emt 0:01:49]} 34. Be2 {[%emt 0:01:42]} axb3 {[%emt 0:02:48]} 35. axb3 {[%emt 0:00:05]} Rha8 {[%emt 0:00:06]} 36. Ra1 {[%emt 0:00:47]} Rxa1 {[%emt 0:00:11]} 37. Nxa1 {[%emt 0:00:21]} Nxe4 {[%emt 0:03:06]} 38. Bxb5 {[%emt 0:01:27]} Rg8 {[%emt 0:00:24]} 39. Nc2 {[%emt 0:01:10]} Rxg4 {[%emt 0:00:34]} 40. Rxg4 {[%emt 0:00:00]} Bxg4 {[%emt 0:00:01]} 41. Ne3 {[%emt 0:00:43]} Be6 {[%emt 0:01:26]} 42. Bc6 {[%emt 0:02:28]} Nf2 {[%emt 0:02:33]} 43. Kc2 {[%emt 0:00:26]} f5 {[%emt 0:01:44]} 44. b4 {[%emt 0:00:13]} f4 {[%emt 0:01:22]} 45. Nf1 {[%emt 0:00:59]} Kd6 {[%emt 0:01:35]} 46. Ba8 {[%emt 0:00:32]} c4 {[%emt 0:01:07]} 47. Nd2 {[%emt 0:00:13]} Bf5+ {[%emt 0:04:02]} 48. Kc1 {[%emt 0:00:14]} Bd3 {[%emt 0:00:12]} 49. h5 {[%emt 0:00:20]} e4 {[%emt 0:00:32]} 50. b5 {[%emt 0:00:48]} Kc5 {[%emt 0:00:02]} 51. Bc6 {[%emt 0:00:11]} Be2 $2 {[%emt 0:03:22]} (51... Kb6 52. Ba8 Kxb5) 52. Nxe4+ $2 {[%emt 0:01:15]} (52. Bxe4 {is the only way for White.} Bxh5 53. b6 Kxb6 54. Nxc4+ Kc5 55. Nd2) 52... Nxe4 {[%emt 0:00:02]} 53. Bxe4 {[%emt 0:00:07]} Bxh5 {[%emt 0:00:08]} 54. Bc6 {[%emt 0:00:29]} f3 {[%emt 0:03:08]} 55. Kd2 {[%emt 0:01:00]} f2 {[%emt 0:00:05]} 56. Bg2 {[%emt 0:00:28]} Kxb5 {[%emt 0:00:18]} 57. Bf1 {[%emt 0:00:56]} Bg6 {[%emt 0:01:16]} 58. Ke3 {[%emt 0:00:29]} Bd3 {[%emt 0:00:04]} 59. Bxd3 {[%emt 0:01:32]} cxd3 {[%emt 0:00:02]} 60. Kxf2 {[%emt 0:00:07]} Kc4 {[%emt 0:00:05]} 0-1

[Event "Maria Albulet Memorial 2017"]
[Site "Braila"]
[Date "2017.10.11"]
[Round "6"]
[White "Nastase, Andreea-Cristina"]
[Black "Makropoulou, Marina"]
[Result "0-1"]
[WhiteElo "1989"]
[BlackElo "2136"]
[Annotator "NA"]
[PlyCount "70"]
[EventDate "2017.??.??"]
[EventCountry "ROU"]
[SourceTitle "playchess.com"]
[Source "ChessBase"]
[SourceQuality "1"]
[TimeControl "40/5400+30:900+30"]

1. d4 {[%emt 0:00:00]} d5 {[%emt 0:00:08]} 2. c4 {[%emt 0:00:30]} e6 {[%emt 0:00:22]} 3. Nc3 {[%emt 0:00:03]} c6 {[%emt 0:01:04]} 4. cxd5 {[%emt 0:00:27]} exd5 {[%emt 0:00:17]} 5. Nf3 {[%emt 0:00:05]} Nf6 {[%emt 0:03:38]} 6. Bg5 {[%emt 0:00:05]} Be7 {[%emt 0:00:16]} 7. e3 {[%emt 0:01:11]} Bf5 {[%emt 0:00:43]} 8. Bd3 {[%emt 0:00:13]} Bxd3 {[%emt 0:02:56]} 9. Qxd3 {[%emt 0:00:05] LiveBook: 431 Games} Nbd7 {[%emt 0:00:57]} 10. O-O {[%emt 0:00:51]} O-O {[%emt 0:00:30]} 11. Rfd1 {[%emt 0:02:24]} Ne4 {[%emt 0:05:41]} 12. Bf4 {[%emt 0:02:28]} f5 $11 {[%emt 0:12:53]} 13. Rab1 {[%emt 0:05:46]} a5 {[%emt 0:07:05]} 14. a3 {[%emt 0:02:01]} Qe8 {[%emt 0:06:16]} 15. Ne5 {[%emt 0:06:46]} Bd6 {[%emt 0:05:43]} 16. Nxd7 {[%emt 0:04:10]} Qxd7 {[%emt 0:00:06]} 17. Bxd6 {[%emt 0:00:05]} Nxd6 {[%emt 0:02:32]} 18. b4 {[%emt 0:01:37]} axb4 {[%emt 0:00:50]} 19. axb4 {[%emt 0:00:06]} b5 {[%emt 0:03:04]} 20. Ra1 {[%emt 0:15:09]} Nc4 {[%emt 0:01:46]} 21. Qf1 {[%emt 0:02:55]} Qe7 {[%emt 0:04:34]} 22. Rxa8 {[%emt 0:02:05]} Rxa8 {[%emt 0:00:05]} 23. Ra1 {[%emt 0:00:05]} Re8 {[%emt 0:03:38]} 24. Na2 {[%emt 0:04:25]} h6 {[%emt 0:01:23]} 25. h3 {[%emt 0:01:03]} Ra8 {[%emt 0:01:18]} 26. Qb1 {[%emt 0:01:05]} Qe4 {[%emt 0:04:02]} 27. Qe1 {[%emt 0:01:53]} Qe7 {[%emt 0:15:39]} 28. Qb1 {[%emt 0:02:22]} Qe4 {[%emt 0:04:14]} 29. Qe1 {[%emt 0:00:41]} Qc2 {[%emt 0:00:36]} 30. Nc3 {[%emt 0:01:04]} Rxa1 {[%emt 0:00:42]} 31. Qxa1 {[%emt 0:00:04]} Kh7 {[%emt 0:00:59]} 32. g4 {[%emt 0:00:51]} Nd2 {[%emt 0:04:09]} 33. Kg2 {[%emt 0:01:28]} f4 {[%emt 0:02:16]} 34. Kh1 {[%emt 0:05:50]} fxe3 {[%emt 0:01:17]} 35. fxe3 {[%emt 0:00:07]} Qd3 {[%emt 0:00:45]} 0-1

[Event "Maria Albulet Memorial 2017"]
[Site "Braila"]
[Date "2017.10.11"]
[Round "6"]
[White "Patru, Alexandra-Ioana"]
[Black "Didiliuc, Dariana-Gabriela"]
[Result "0-1"]
[WhiteElo "1623"]
[BlackElo "1779"]
[Annotator "NA"]
[PlyCount "84"]
[EventDate "2017.??.??"]
[EventCountry "ROU"]
[SourceTitle "playchess.com"]
[Source "ChessBase"]
[SourceQuality "1"]
[TimeControl "40/5400+30:900+30"]

1. d4 {[%emt 0:00:00]} Nf6 {[%emt 0:00:12]} 2. Nf3 {[%emt 0:00:00]} g6 {[%emt 0:00:09]} 3. c4 {[%emt 0:00:00]} Bg7 {[%emt 0:00:11]} 4. Nc3 {[%emt 0:00:07]} O-O {[%emt 0:00:24]} 5. g3 {[%emt 0:00:06]} d6 {[%emt 0:00:19]} 6. Bg2 {[%emt 0:00:05]} Nc6 {[%emt 0:00:21]} 7. O-O {[%emt 0:01:09]} a6 {[%emt 0:00:31]} 8. h3 {[%emt 0:01:07]} Rb8 {[%emt 0:01:14]} 9. e4 {[%emt 0:15:26]} b5 {[%emt 0:01:27]} 10. Qd3 {[%emt 0:18:13]} Nb4 {[%emt 0:29:58]} 11. Qe2 {[%emt 0:01:32]} bxc4 {[%emt 0:01:41]} 12. Qxc4 {[%emt 0:13:15]} Nxe4 {[%emt 0:02:02]} 13. Qe2 {[%emt 0:10:30]} Nf6 {[%emt 0:04:38]} 14. a3 {[%emt 0:02:59]} Nbd5 {[%emt 0:02:01]} 15. Nd2 {[%emt 0:04:14]} Bb7 {[%emt 0:02:48]} 16. Nc4 {[%emt 0:06:15]} Qd7 {[%emt 0:11:39]} 17. Qc2 {[%emt 0:03:46]} Nxc3 {[%emt 0:01:20]} 18. Qxc3 {[%emt 0:03:29]} Bxg2 {[%emt 0:00:19]} 19. Kxg2 {[%emt 0:00:06]} Nd5 {[%emt 0:00:59]} 20. Qd3 {[%emt 0:00:41]} Qb5 {[%emt 0:01:34]} 21. a4 {[%emt 0:06:47]} Qc6 {[%emt 0:00:25]} 22. f3 {[%emt 0:02:06]} Rb4 {[%emt 0:00:25]} 23. Ne3 {[%emt 0:01:29]} Rxd4 {[%emt 0:03:20]} 24. Qb3 {[%emt 0:01:33]} e6 {[%emt 0:02:22]} 25. Nxd5 {[%emt 0:01:06]} Rxd5 {[%emt 0:00:15]} 26. Be3 {[%emt 0:00:24]} Qa8 {[%emt 0:00:57]} 27. Qc2 {[%emt 0:00:45]} c5 {[%emt 0:00:15]} 28. Rad1 {[%emt 0:00:20]} Rb8 {[%emt 0:00:16]} 29. b3 {[%emt 0:00:14]} Qb7 {[%emt 0:01:22]} 30. Rb1 {[%emt 0:00:10]} Qb4 {[%emt 0:01:46]} 31. Rfd1 {[%emt 0:00:38]} Rxd1 {[%emt 0:00:23]} 32. Qxd1 {[%emt 0:00:06]} d5 {[%emt 0:00:08]} 33. Bd2 {[%emt 0:00:56]} Bc3 {[%emt 0:00:21]} 34. Bxc3 {[%emt 0:00:13]} Qxc3 {[%emt 0:00:07]} 35. h4 {[%emt 0:00:18]} Qb4 {[%emt 0:00:56]} 36. Qe2 {[%emt 0:00:32]} c4 {[%emt 0:00:14]} 37. Qd1 {[%emt 0:00:34]} cxb3 {[%emt 0:00:18]} 38. Rb2 {[%emt 0:00:14]} Qxa4 {[%emt 0:00:29]} 39. Qc1 {[%emt 0:00:15]} Qb4 {[%emt 0:00:14]} 40. Qc7 {[%emt 0:00:00]} a5 {[%emt 0:00:51]} 41. Qc1 {[%emt 0:00:52]} a4 {[%emt 0:00:09]} 42. Rb1 {[%emt 0:00:10]} a3 {[%emt 0:00:08]} 0-1

[Event "Maria Albulet Memorial 2017"]
[Site "Braila"]
[Date "2017.10.11"]
[Round "6"]
[White "Andres, Marina-Corina"]
[Black "Popa, Catalina-Elena"]
[Result "1/2-1/2"]
[WhiteElo "1581"]
[BlackElo "1731"]
[Annotator "NA"]
[PlyCount "146"]
[EventDate "2017.??.??"]
[EventCountry "ROU"]
[SourceTitle "playchess.com"]
[Source "ChessBase"]
[SourceQuality "1"]
[TimeControl "40/5400+30:900+30"]

1. e4 {[%emt 0:00:00]} c6 {[%emt 0:00:05]} 2. d4 {[%emt 0:00:00]} d5 {[%emt 0:00:03]} 3. exd5 {[%emt 0:00:00]} cxd5 {[%emt 0:00:03]} 4. Bd3 {[%emt 0:00:00]} Nc6 {[%emt 0:00:02]} 5. c3 {[%emt 0:00:04]} Qc7 {[%emt 0:00:04]} 6. Ne2 {[%emt 0:00:21]} Bg4 {[%emt 0:00:05]} 7. f3 {[%emt 0:00:50]} Bd7 {[%emt 0:00:05]} 8. Bf4 {[%emt 0:01:23]} e5 {[%emt 0:00:06]} 9. Bg3 {[%emt 0:05:08]} Bd6 {[%emt 0:00:17]} 10. Bc2 {[%emt 0:06:07]} Nge7 {[%emt 0:04:35]} 11. Nd2 {[%emt 0:06:35]} Nf5 {[%emt 0:09:33]} 12. Bxf5 {[%emt 0:07:57]} Bxf5 {[%emt 0:00:27]} 13. dxe5 {[%emt 0:02:45]} Bxe5 {[%emt 0:03:42]} 14. Bxe5 {[%emt 0:01:37]} Nxe5 {[%emt 0:00:07]} 15. Qa4+ {[%emt 0:09:52]} Qc6 {[%emt 0:04:06]} 16. Qxc6+ {[%emt 0:01:04]} bxc6 {[%emt 0:00:06]} 17. Nd4 {[%emt 0:10:44]} Bd7 {[%emt 0:17:17]} 18. b4 {[%emt 0:08:48]} Nd3+ {[%emt 0:04:49]} 19. Ke2 {[%emt 0:01:52]} Nf4+ {[%emt 0:00:09]} 20. Kf2 {[%emt 0:01:24]} O-O {[%emt 0:00:26]} 21. N2b3 {[%emt 0:05:30]} Nd3+ {[%emt 0:17:15]} 22. Kg3 {[%emt 0:03:11]} c5 {[%emt 0:08:50]} 23. Nxc5 {[%emt 0:03:20]} Nxc5 {[%emt 0:00:05]} 24. bxc5 {[%emt 0:00:08]} Rfc8 {[%emt 0:00:17]} 25. c6 {[%emt 0:03:20]} Bxc6 {[%emt 0:00:06]} 26. Nxc6 {[%emt 0:00:04]} Rxc6 {[%emt 0:00:04]} 27. Rhd1 {[%emt 0:01:11]} Rd8 {[%emt 0:04:24]} 28. Rac1 {[%emt 0:00:38]} Kf8 {[%emt 0:01:03]} 29. Rd4 {[%emt 0:01:41]} Ra6 {[%emt 0:03:34]} 30. Rc2 {[%emt 0:01:48]} Ke7 {[%emt 0:00:42]} 31. Rb4 {[%emt 0:03:26]} Rd7 {[%emt 0:01:19]} 32. a4 {[%emt 0:01:13]} Rc6 {[%emt 0:03:38]} 33. Rh4 {[%emt 0:02:46]} h6 {[%emt 0:01:31]} 34. Rd4 {[%emt 0:01:08]} Rc5 {[%emt 0:01:49]} 35. Rcd2 {[%emt 0:01:41]} Kd6 {[%emt 0:01:51]} 36. c4 {[%emt 0:01:01]} Kc6 {[%emt 0:00:14]} 37. cxd5+ {[%emt 0:00:38]} Rdxd5 {[%emt 0:00:14]} 38. Rxd5 {[%emt 0:01:27]} Rxd5 {[%emt 0:00:01]} 39. Re2 {[%emt 0:00:42]} Rd7 {[%emt 0:12:45]} 40. Re4 {[%emt 0:00:00]} Rb7 {[%emt 0:01:53]} 41. Rf4 {[%emt 0:02:36]} Kd5 {[%emt 0:01:11]} 42. Rg4 {[%emt 0:00:58]} g5 {[%emt 0:00:25]} 43. Re4 {[%emt 0:01:04]} f5 {[%emt 0:00:12]} 44. Re8 {[%emt 0:00:32]} f4+ {[%emt 0:00:33]} 45. Kg4 {[%emt 0:00:50]} Rb4 {[%emt 0:01:22]} 46. Kh5 {[%emt 0:01:26]} Rb6 {[%emt 0:01:31]} 47. Rh8 {[%emt 0:00:51]} Kc4 {[%emt 0:00:47]} 48. Rxh6 {[%emt 0:00:50]} Rb2 {[%emt 0:03:40]} 49. Kxg5 {[%emt 0:02:58]} Rxg2+ {[%emt 0:00:10]} 50. Kxf4 {[%emt 0:00:20]} a5 {[%emt 0:00:01]} 51. Kf5 {[%emt 0:02:37]} Rf2 {[%emt 0:00:10]} 52. Rh4+ {[%emt 0:00:32]} Kb3 {[%emt 0:00:04]} 53. Kg4 {[%emt 0:01:07]} Rg2+ {[%emt 0:00:28]} 54. Kh3 {[%emt 0:00:26]} Ra2 {[%emt 0:00:19]} 55. Rh8 {[%emt 0:00:54]} Rxa4 {[%emt 0:00:20]} 56. Ra8 {[%emt 0:00:13]} Ra1 {[%emt 0:01:13]} 57. f4 {[%emt 0:00:32]} a4 {[%emt 0:00:10]} 58. f5 {[%emt 0:00:18]} Rf1 {[%emt 0:00:07]} 59. Rb8+ {[%emt 0:01:00]} Ka2 {[%emt 0:00:08]} 60. Kg4 {[%emt 0:00:22]} a3 {[%emt 0:00:13]} 61. h4 {[%emt 0:01:08]} Ka1 {[%emt 0:01:54]} 62. Kg5 {[%emt 0:01:26]} Rg1+ {[%emt 0:00:49]} 63. Kf6 {[%emt 0:01:55]} Rh1 {[%emt 0:00:09]} 64. Kg5 {[%emt 0:00:57]} Rg1+ {[%emt 0:00:05]} 65. Kf6 {[%emt 0:00:11]} Rh1 {[%emt 0:00:05]} 66. Rb4 {[%emt 0:01:30]} a2 {[%emt 0:00:08]} 67. Kf7 {[%emt 0:01:08]} Rh2 {[%emt 0:02:02]} 68. f6 {[%emt 0:00:46]} Rf2 {[%emt 0:00:30]} 69. Rb6 {[%emt 0:00:51]} Rh2 {[%emt 0:00:14]} 70. Rb4 {[%emt 0:00:31]} Rf2 {[%emt 0:00:02]} 71. Rb6 {[%emt 0:00:06]} Rh2 {[%emt 0:00:03]} 72. Ke7 {[%emt 0:00:15]} Rxh4 {[%emt 0:00:15]} 73. f7 {[%emt 0:00:15]} Rh7 {[%emt 0:00:03]} 1/2-1/2

[Event "Maria Albulet Memorial 2017"]
[Site "Braila"]
[Date "2017.10.11"]
[Round "6"]
[White "Uzuneanu, Gabriela"]
[Black "Coman, Ana-Cristina"]
[Result "1/2-1/2"]
[WhiteElo "1564"]
[BlackElo "1454"]
[Annotator "NA"]
[PlyCount "118"]
[EventDate "2017.??.??"]
[EventCountry "ROU"]
[SourceTitle "playchess.com"]
[Source "ChessBase"]
[SourceQuality "1"]
[TimeControl "40/5400+30:900+30"]

1. e4 {[%emt 0:00:00]} e5 {[%emt 0:00:04]} 2. Nf3 {[%emt 0:00:00]} Nc6 {[%emt 0:00:06]} 3. Bb5 {[%emt 0:00:00]} a6 {[%emt 0:00:05]} 4. Bxc6 {[%emt 0:00:00]} dxc6 {[%emt 0:00:07]} 5. d4 {[%emt 0:00:00]} exd4 {[%emt 0:00:26]} 6. Qxd4 {[%emt 0:00:00]} Qxd4 {[%emt 0:00:13]} 7. Nxd4 {[%emt 0:00:00]} Bd7 {[%emt 0:00:55]} 8. Be3 {[%emt 0:03:19]} O-O-O {[%emt 0:02:08]} 9. Nd2 {[%emt 0:02:20]} g6 {[%emt 0:05:09]} 10. N4b3 {[%emt 0:07:56]} Bd6 {[%emt 0:15:08]} 11. Bd4 {[%emt 0:09:41]} f6 {[%emt 0:00:54]} 12. O-O-O {[%emt 0:19:09]} Re8 {[%emt 0:06:04]} 13. Nc5 {[%emt 0:04:58]} Bxc5 {[%emt 0:12:05]} 14. Bxc5 {[%emt 0:00:06]} Nh6 {[%emt 0:02:25]} 15. f3 {[%emt 0:02:29]} Re6 {[%emt 0:04:32]} 16. Rhe1 {[%emt 0:04:31]} Rhe8 {[%emt 0:01:30]} 17. Bf2 {[%emt 0:06:28]} f5 {[%emt 0:14:05]} 18. Bg3 {[%emt 0:09:08]} Nf7 {[%emt 0:07:24]} 19. Nb3 {[%emt 0:09:41]} b6 {[%emt 0:07:03]} 20. Nd4 {[%emt 0:00:26]} R6e7 {[%emt 0:00:46]} 21. exf5 {[%emt 0:03:16]} Rxe1 {[%emt 0:01:19]} 22. Rxe1 {[%emt 0:00:24]} Rxe1+ {[%emt 0:00:12]} 23. Bxe1 {[%emt 0:00:02]} gxf5 {[%emt 0:00:08]} 24. Kd2 {[%emt 0:01:52]} c5 {[%emt 0:01:49]} 25. Ne2 {[%emt 0:00:05]} Nd6 {[%emt 0:01:57]} 26. Bf2 {[%emt 0:02:47]} Kd8 {[%emt 0:04:25]} 27. Nf4 {[%emt 0:00:55]} c6 {[%emt 0:01:39]} 28. Nh5 {[%emt 0:01:19]} Be8 {[%emt 0:03:38]} 29. Nf4 {[%emt 0:03:01]} Ke7 {[%emt 0:00:59]} 30. Bh4+ {[%emt 0:00:32]} Kf7 {[%emt 0:00:13]} 31. Nh5 {[%emt 0:01:19]} Kg6 {[%emt 0:05:13]} 32. Nf4+ {[%emt 0:02:03]} Kf7 {[%emt 0:00:20]} 33. Nh5 {[%emt 0:02:04]} Kg6 {[%emt 0:01:22]} 34. Nf6 {[%emt 0:00:04]} Bf7 {[%emt 0:00:22]} 35. Nd7 {[%emt 0:00:10]} Bxa2 {[%emt 0:01:58]} 36. Nxb6 {[%emt 0:00:03]} Nc4+ {[%emt 0:00:17]} 37. Nxc4 {[%emt 0:00:08]} Bxc4 {[%emt 0:00:02]} 38. Bf2 {[%emt 0:00:19]} Bf1 {[%emt 0:00:12]} 39. g3 {[%emt 0:00:03]} c4 {[%emt 0:00:39]} 40. Ke3 {[%emt 0:00:00]} Bg2 {[%emt 0:01:04]} 41. Be1 {[%emt 0:00:43]} Kf6 {[%emt 0:04:12]} 42. Bc3+ {[%emt 0:02:35]} Ke6 {[%emt 0:01:10]} 43. g4 {[%emt 0:01:34]} fxg4 {[%emt 0:00:35]} 44. fxg4 {[%emt 0:00:03]} Kd5 {[%emt 0:01:08]} 45. Bg7 {[%emt 0:00:39]} Be4 {[%emt 0:03:28]} 46. c3 {[%emt 0:00:32]} Bd3 {[%emt 0:01:02]} 47. Kf4 {[%emt 0:00:30]} Ke6 {[%emt 0:01:28]} 48. h4 {[%emt 0:00:19]} Bc2 {[%emt 0:01:44]} 49. g5 {[%emt 0:01:10]} Kf7 {[%emt 0:02:01]} 50. Bh8 {[%emt 0:00:11]} Kg6 {[%emt 0:02:05]} 51. Bf6 {[%emt 0:00:52]} a5 {[%emt 0:01:34]} 52. Ke5 {[%emt 0:00:08]} a4 {[%emt 0:00:36]} 53. Kd4 {[%emt 0:00:14]} Bb3 {[%emt 0:00:24]} 54. Kc5 {[%emt 0:00:13]} h6 {[%emt 0:00:46]} 55. Kxc6 {[%emt 0:00:09]} hxg5 {[%emt 0:00:41]} 56. hxg5 {[%emt 0:00:09]} Bc2 {[%emt 0:00:39]} 57. Kd6 {[%emt 0:01:51]} Bb3 {[%emt 0:00:19]} 58. Ke5 {[%emt 0:00:09]} Bc2 {[%emt 0:00:24]} 59. Kf4 {[%emt 0:00:05]} Bb3 {[%emt 0:00:00]} 1/2-1/2